[Event "Winnipeg TNT Jan op"]
[Site "Winnipeg CAN"]
[Date "2004.01.06"]
[Round "1"]
[White "Gibson, Fred"]
[Black "Pottinger, Carl"]
[Result "0-1"]
[WhiteElo "1159"]
[BlackElo "1628"]
[PlyCount "90"]
[GameId "2160767911208987"]
[EventDate "2004.01.06"]
[EventType "swiss"]
[EventRounds "4"]
[EventCountry "CAN"]
[SourceTitle "EXT 2005"]
[Source "ChessBase"]
[SourceDate "2004.11.15"]
[SourceVersion "1"]
[SourceVersionDate "2004.11.15"]
[SourceQuality "1"]

1. d4 g6 2. c4 Bg7 3. Nf3 Nf6 4. Nc3 O-O 5. e4 d6 6. Be2 e5 7. d5 Nbd7 8. Be3 Ng4 9. Bg5 f6 10. Bd2 f5 11. Bg5 Ndf6 12. h3 Nh6 13. Qd2 f4 14. g3 Nf7 15. O-O-O Nxg5 16. Nxg5 Ne8 17. h4 h6 18. Ne6 Bxe6 19. dxe6 c6 20. c5 Qa5 21. cxd6 Nxd6 22. Qxd6 Rad8 23. Qa3 Qxa3 24. bxa3 Rd4 25. e7 Re8 26. Bc4+ Rxc4 27. Rd8 Kf7 28. Kc2 Kxe7 29. Rxe8+ Kxe8 30. g4 Ke7 31. f3 Ke6 32. Rd1 Rd4 33. Kb3 Bf6 34. h5 Rxd1 35. Nxd1 gxh5 36. gxh5 Bh4 37. Kc4 Bd8 38. Nc3 Kf6 39. Na4 Bb6 40. Nb2 Kg5 41. Kd3 Kxh5 42. Ke2 Kh4 43. Kf1 Kg3 44. Nc4 Bd4 45. Nd6 Kxf3 0-1

[Event "Winnipeg TNT Jan op"]
[Site "Winnipeg CAN"]
[Date "2004.01.06"]
[Round "1"]
[White "Mor, Shai"]
[Black "Khedkar, Jay S"]
[Result "0-1"]
[WhiteElo "1497"]
[BlackElo "1926"]
[PlyCount "80"]
[GameId "2160767911208989"]
[EventDate "2004.01.06"]
[EventType "swiss"]
[EventRounds "4"]
[EventCountry "CAN"]
[SourceTitle "EXT 2005"]
[Source "ChessBase"]
[SourceDate "2004.11.15"]
[SourceVersion "1"]
[SourceVersionDate "2004.11.15"]
[SourceQuality "1"]

1. e4 c5 2. c3 d5 3. exd5 Qxd5 4. Nf3 Nc6 5. Bb5 Bg4 6. O-O Nf6 7. d4 Bxf3 8. Qxf3 Qxf3 9. gxf3 cxd4 10. Rd1 Rd8 11. Bg5 Rd5 12. Bxc6+ bxc6 13. Bxf6 gxf6 14. Rxd4 e5 15. Rxd5 cxd5 16. Na3 Bxa3 17. bxa3 Kd7 18. Rb1 Rc8 19. Rb7+ Rc7 20. Rb3 Kc6 21. Kf1 Rb7 22. Ke2 f5 23. f4 f6 24. Ke3 Rb6 25. f3 Kc7 26. a4 Rc6 27. fxe5 fxe5 28. f4 e4 29. Kd4 Kd6 30. Rb5 Rc4+ 31. Ke3 Rxc3+ 32. Kd2 Ra3 33. h4 Rxa2+ 34. Kc3 Rxa4 35. Rb4 Rxb4 36. Kxb4 d4 37. Kc4 d3 38. Kc3 Kd5 39. h5 a5 40. h6 a4 0-1

[Event "Winnipeg TNT Jan op"]
[Site "Winnipeg CAN"]
[Date "2004.01.06"]
[Round "1"]
[White "Nair, Krishnan"]
[Black "Anderson, Collin"]
[Result "0-1"]
[WhiteElo "1245"]
[BlackElo "1786"]
[PlyCount "70"]
[GameId "2160767911208990"]
[EventDate "2004.01.06"]
[EventType "swiss"]
[EventRounds "4"]
[EventCountry "CAN"]
[SourceTitle "EXT 2005"]
[Source "ChessBase"]
[SourceDate "2004.11.15"]
[SourceVersion "1"]
[SourceVersionDate "2004.11.15"]
[SourceQuality "1"]

1. e4 c5 2. d4 cxd4 3. Qxd4 Nc6 4. Qc3 d6 5. Bd3 Nf6 6. Ne2 g6 7. O-O Bg7 8. b4 O-O 9. Qa3 Qb6 10. b5 Ne5 11. Bb2 Nxd3 12. Qxd3 Be6 13. a4 Rfc8 14. Na3 a6 15. Bd4 Qa5 16. Nc3 Nd7 17. Nd5 Bxd5 18. Bxg7 Kxg7 19. exd5 Qc3 20. Qxc3+ Rxc3 21. bxa6 Rxa6 22. Ra2 Rxa4 23. Rfa1 Nf6 24. Nb5 Rxa2 25. Rxa2 Rc5 26. Na7 Nxd5 27. Kf1 Kf6 28. Ke1 Nb4 29. Rb2 Nxc2+ 30. Kd2 Nd4 31. Rxb7 e5 32. Rb6 Ke6 33. Nc8 Rxc8 34. f3 Rc2+ 35. Kd3 Rxg2 0-1

[Event "Winnipeg TNT Jan op"]
[Site "Winnipeg CAN"]
[Date "2004.01.06"]
[Round "1"]
[White "Rutter, Blair"]
[Black "Arora, Prag"]
[Result "1-0"]
[WhiteElo "1711"]
[BlackElo "1206"]
[PlyCount "45"]
[GameId "2160767911208991"]
[EventDate "2004.01.06"]
[EventType "swiss"]
[EventRounds "4"]
[EventCountry "CAN"]
[SourceTitle "EXT 2005"]
[Source "ChessBase"]
[SourceDate "2004.11.15"]
[SourceVersion "1"]
[SourceVersionDate "2004.11.15"]
[SourceQuality "1"]

1. d4 d5 2. c4 dxc4 3. e4 e6 4. Bxc4 Bb4+ 5. Nc3 Nc6 6. Nf3 Na5 7. Qa4+ Nc6 8. d5 exd5 9. exd5 Qe7+ 10. Be2 b5 11. Qxb5 Qc5 12. Qxc5 Bxc5 13. dxc6 Bb4 14. O-O Ba5 15. Re1 Nf6 16. Bc4+ Kf8 17. Be3 Ke7 18. Bc5+ Kd8 19. Rad1+ Bd7 20. Ne5 Re8 21. Nxf7+ Kc8 22. Rxe8+ Bxe8 23. Rd8# 1-0

[Event "Winnipeg TNT Jan op"]
[Site "Winnipeg CAN"]
[Date "2004.01.06"]
[Round "1"]
[White "Van Wyk, Joseph"]
[Black "Kohalmi, Andy"]
[Result "1-0"]
[WhiteElo "1923"]
[BlackElo "1492"]
[PlyCount "43"]
[GameId "2160767911208993"]
[EventDate "2004.01.06"]
[EventType "swiss"]
[EventRounds "4"]
[EventCountry "CAN"]
[SourceTitle "EXT 2005"]
[Source "ChessBase"]
[SourceDate "2004.11.15"]
[SourceVersion "1"]
[SourceVersionDate "2004.11.15"]
[SourceQuality "1"]

1. e4 e5 2. Nf3 Nc6 3. d4 exd4 4. c3 dxc3 5. Nxc3 Bb4 6. Bc4 Qe7 7. O-O Bxc3 8. bxc3 h6 9. e5 Na5 10. Bd5 c6 11. Be4 Nc4 12. Qd4 b5 13. a4 Ba6 14. Rd1 Qe6 15. axb5 Bxb5 16. Rxa7 Rxa7 17. Qxa7 Qe7 18. Nd4 d5 19. Nxb5 Qxa7 20. Nxa7 dxe4 21. Nxc6 f5 22. e6 1-0

[Event "Winnipeg TNT Jan op"]
[Site "Winnipeg CAN"]
[Date "2004.01.06"]
[Round "1"]
[White "Zaczek, Jonathon"]
[Black "Gibbons, Lorne"]
[Result "1-0"]
[WhiteElo "1816"]
[BlackElo "1358"]
[PlyCount "55"]
[GameId "2160767911208994"]
[EventDate "2004.01.06"]
[EventType "swiss"]
[EventRounds "4"]
[EventCountry "CAN"]
[SourceTitle "EXT 2005"]
[Source "ChessBase"]
[SourceDate "2004.11.15"]
[SourceVersion "1"]
[SourceVersionDate "2004.11.15"]
[SourceQuality "1"]

1. e4 e5 2. Nf3 Nc6 3. Bb5 Nge7 4. O-O d6 5. d4 a6 6. Ba4 b5 7. Bb3 exd4 8. Bd5 Nxd5 9. exd5 Ne7 10. Qxd4 Bb7 11. Re1 Qd7 12. Nc3 O-O-O 13. a4 bxa4 14. Rxa4 Nxd5 15. Nxd5 Bxd5 16. Rxa6 Qb5 17. Ra3 f6 18. Be3 Bb7 19. Rea1 c5 20. Qg4+ Qd7 21. Qxd7+ Kxd7 22. Nd2 d5 23. Ra7 Kc6 24. Nb3 d4 25. Na5+ Kd5 26. Nxb7 Rd7 27. Bd2 Be7 28. Nxc5 1-0

[Event "Winnipeg TNT Jan op"]
[Site "Winnipeg CAN"]
[Date "2004.01.13"]
[Round "2"]
[White "Anderson, Collin"]
[Black "Van Wyk, Joseph"]
[Result "0-1"]
[WhiteElo "1786"]
[BlackElo "1923"]
[PlyCount "89"]
[GameId "2160767911208995"]
[EventDate "2004.01.06"]
[EventType "swiss"]
[EventRounds "4"]
[EventCountry "CAN"]
[SourceTitle "EXT 2005"]
[Source "ChessBase"]
[SourceDate "2004.11.15"]
[SourceVersion "1"]
[SourceVersionDate "2004.11.15"]
[SourceQuality "1"]

1. d4 d5 2. Nf3 Bf5 3. c4 e6 4. cxd5 exd5 5. Nc3 Nc6 6. a3 Nf6 7. Bg5 Be7 8. Bxf6 Bxf6 9. g3 Qd7 10. Bg2 Rd8 11. O-O h5 12. e4 dxe4 13. Nxe4 Bxe4 14. Re1 Nxd4 15. Nxd4 Qxd4 16. Qxd4 Rxd4 17. Bxe4 O-O 18. Re2 c6 19. h3 Rfd8 20. Rc1 g6 21. Kg2 h4 22. b3 hxg3 23. fxg3 Rd2 24. Rc2 Rd1 25. Rc4 Ra1 26. Rb4 Rd7 27. a4 Bc3 28. Rc4 Ba5 29. Bc2 Bb6 30. Kf3 Rf1+ 31. Kg2 Rg1+ 32. Kh2 Rd5 33. b4 Ra1 34. g4 Ra2 35. Rce4 Bc7+ 36. Kg2 Ra3 37. Re7 Bd6 38. Rxb7 Rg3+ 39. Kf1 Rxh3 40. Be4 Rd1+ 41. Kg2 Rh2+ 42. Kf3 Rf1+ 43. Ke3 Bf4+ 44. Kd3 Rd1+ 45. Kc2 0-1

[Event "Winnipeg TNT Jan op"]
[Site "Winnipeg CAN"]
[Date "2004.01.13"]
[Round "2"]
[White "Babb, Jeff"]
[Black "Rutter, Blair"]
[Result "1-0"]
[WhiteElo "2131"]
[BlackElo "1711"]
[PlyCount "133"]
[GameId "2160767911208996"]
[EventDate "2004.01.06"]
[EventType "swiss"]
[EventRounds "4"]
[EventCountry "CAN"]
[SourceTitle "EXT 2005"]
[Source "ChessBase"]
[SourceDate "2004.11.15"]
[SourceVersion "1"]
[SourceVersionDate "2004.11.15"]
[SourceQuality "1"]

1. c4 e5 2. Nc3 f5 3. g3 Nf6 4. Bg2 Nc6 5. e3 a6 6. d4 e4 7. a3 b5 8. cxb5 axb5 9. Nxb5 Nb4 10. Bf1 Bb7 11. Bd2 Nd3+ 12. Bxd3 exd3 13. f3 Bc6 14. Nc3 Qb8 15. Qb1 Bd6 16. Qxd3 Qxb2 17. Rb1 Qxa3 18. Qc4 Rc8 19. d5 Ba8 20. Nge2 O-O 21. O-O Rfe8 22. Nf4 Qc5 23. Qd3 Bxf4 24. gxf4 g6 25. Rb5 Qa7 26. Rfb1 c6 27. Rb6 Nxd5 28. Nxd5 cxd5 29. Qd4 Qa2 30. Bc3 Rxc3 31. Qxc3 d4 32. Qxd4 Bxf3 33. R6b2 Qe6 34. Rb8 Kf7 35. Rxe8 Qxe8 36. Kf2 Bc6 37. Rb4 Qe6 38. Rb8 Qa2+ 39. Qb2 Qd5 40. Qb3 Qxb3 41. Rxb3 Kf6 42. Rb8 h5 43. Ke2 Be4 44. h4 Ke6 45. Re8+ Kf6 46. Kd2 Kf7 47. Re5 Kf6 48. Ra5 Ke6 49. Kc3 Ke7 50. Kd4 Kf6 51. Kc5 Ke7 52. Ra6 Bc6 53. Rb6 Ke6 54. Rb1 Ke7 55. Rg1 Kf7 56. Kd6 Kf6 57. Ra1 Kf7 58. Ra5 Kf6 59. Re5 Kf7 60. Kc7 Kf6 61. Kd8 Kf7 62. Ra5 Ke6 63. Ke8 Kf6 64. Kf8 Be4 65. Kg8 Bc6 66. Ra6 Ke7 67. Kg7 1-0

[Event "Winnipeg TNT Jan op"]
[Site "Winnipeg CAN"]
[Date "2004.01.13"]
[Round "2"]
[White "Gibbons, Lorne"]
[Black "Gibson, Fred"]
[Result "1-0"]
[WhiteElo "1358"]
[BlackElo "1159"]
[PlyCount "45"]
[GameId "2160767911208998"]
[EventDate "2004.01.06"]
[EventType "swiss"]
[EventRounds "4"]
[EventCountry "CAN"]
[SourceTitle "EXT 2005"]
[Source "ChessBase"]
[SourceDate "2004.11.15"]
[SourceVersion "1"]
[SourceVersionDate "2004.11.15"]
[SourceQuality "1"]

1. d4 d5 2. c4 c6 3. Nc3 Nf6 4. Bf4 e6 5. h3 Bb4 6. Qc2 Ne4 7. e3 Nd7 8. Bd3 Ndf6 9. Nge2 Nc5 10. dxc5 Bxc5 11. cxd5 cxd5 12. O-O O-O 13. Rad1 Bd7 14. Rd2 Bc6 15. Rfd1 Qd7 16. Kh1 Rfe8 17. f3 e5 18. Bg5 Re6 19. Bxf6 g6 20. Bg5 Bf8 21. Bc4 Rd6 22. Bxd5 Bxd5 23. Nxd5 1-0

[Event "Winnipeg TNT Jan op"]
[Site "Winnipeg CAN"]
[Date "2004.01.13"]
[Round "2"]
[White "Khedkar, Jay S"]
[Black "Milord, Frank"]
[Result "1-0"]
[WhiteElo "1926"]
[BlackElo "1528"]
[PlyCount "55"]
[GameId "2160767911208999"]
[EventDate "2004.01.06"]
[EventType "swiss"]
[EventRounds "4"]
[EventCountry "CAN"]
[SourceTitle "EXT 2005"]
[Source "ChessBase"]
[SourceDate "2004.11.15"]
[SourceVersion "1"]
[SourceVersionDate "2004.11.15"]
[SourceQuality "1"]

1. e4 d6 2. d4 Nf6 3. Nc3 g6 4. f4 Bg7 5. Nf3 c5 6. d5 a6 7. a4 O-O 8. Be2 Nbd7 9. a5 b5 10. axb6 Qxb6 11. Nd2 Qc7 12. Nc4 Bb7 13. Be3 Nb6 14. Na5 Nxe4 15. Nxe4 Bxb2 16. Rb1 Bxd5 17. Bf3 Bxe4 18. Bxe4 Bc3+ 19. Bd2 Bxd2+ 20. Qxd2 d5 21. Bf3 e5 22. fxe5 Qxe5+ 23. Kf2 Qc7 24. c4 Rad8 25. cxd5 c4 26. Rhc1 Qc5+ 27. Kf1 Rfe8 28. Nb7 1-0

[Event "Winnipeg TNT Jan op"]
[Site "Winnipeg CAN"]
[Date "2004.01.13"]
[Round "2"]
[White "Kohalmi, Andy"]
[Black "Nair, Krishnan"]
[Result "1-0"]
[WhiteElo "1492"]
[BlackElo "1245"]
[PlyCount "81"]
[GameId "2160767911209000"]
[EventDate "2004.01.06"]
[EventType "swiss"]
[EventRounds "4"]
[EventCountry "CAN"]
[SourceTitle "EXT 2005"]
[Source "ChessBase"]
[SourceDate "2004.11.15"]
[SourceVersion "1"]
[SourceVersionDate "2004.11.15"]
[SourceQuality "1"]

1. e4 e5 2. Nf3 d6 3. Bc4 Be7 4. Nc3 Nh6 5. h3 f6 6. d4 Nc6 7. Be3 Na5 8. Bb5+ Bd7 9. Be2 f5 10. dxe5 dxe5 11. Nxe5 Bd6 12. Nc4 Nxc4 13. Bxc4 fxe4 14. Nxe4 Nf5 15. Nxd6+ Nxd6 16. Qh5+ g6 17. Qe5+ Qe7 18. Qxh8+ Qf8 19. Qxf8+ Kxf8 20. Bb3 Nf5 21. Bc5+ Kg7 22. O-O-O Bc6 23. Rhg1 b6 24. Bb4 a5 25. Bc3+ Kf8 26. Be5 Rc8 27. Bd5 Bb5 28. g4 Ne7 29. Be6 Re8 30. Bd7 Bxd7 31. Rxd7 Nc6 32. Bg7+ Kg8 33. Bh6 Ne5 34. Rxc7 Nf3 35. Rd1 b5 36. Be3 b4 37. Rdd7 g5 38. Rg7+ Kf8 39. Rxh7 Kg8 40. Rcg7+ Kf8 41. Bc5+ 1-0

[Event "Winnipeg TNT Jan op"]
[Site "Winnipeg CAN"]
[Date "2004.01.13"]
[Round "2"]
[White "Pottinger, Carl"]
[Black "Zaczek, Jonathon"]
[Result "0-1"]
[WhiteElo "1628"]
[BlackElo "1816"]
[PlyCount "71"]
[GameId "2160767911209002"]
[EventDate "2004.01.06"]
[EventType "swiss"]
[EventRounds "4"]
[EventCountry "CAN"]
[SourceTitle "EXT 2005"]
[Source "ChessBase"]
[SourceDate "2004.11.15"]
[SourceVersion "1"]
[SourceVersionDate "2004.11.15"]
[SourceQuality "1"]

1. d4 Nf6 2. Nf3 g6 3. c4 Bg7 4. Nc3 O-O 5. g3 d6 6. Bg2 c6 7. O-O Nbd7 8. h3 Ne8 9. e4 e5 10. Rb1 exd4 11. Nxd4 Ne5 12. b3 Qa5 13. Qc2 Nxc4 14. Nce2 Na3 15. Bxa3 Qxa3 16. b4 Bd7 17. Rfd1 Qa6 18. a4 Rc8 19. b5 cxb5 20. axb5 Qb6 21. Qd3 Nc7 22. Nc3 Ne6 23. Nd5 Qxd4 24. Ne7+ Kh8 25. Nxc8 Rxc8 26. Qa3 Qc5 27. Qxc5 Rxc5 28. Bf1 Nd4 29. b6 axb6 30. Rxb6 Bc6 31. Bg2 Rc4 32. Re1 Rc2 33. Rb4 Ne2+ 34. Kf1 Bc3 35. Rc4 Bb5 36. Rxc3 0-1

[Event "Winnipeg TNT Jan op"]
[Site "Winnipeg CAN"]
[Date "2004.01.20"]
[Round "3"]
[White "Greenberg, Harley"]
[Black "Anderson, Collin"]
[Result "1/2-1/2"]
[WhiteElo "1838"]
[BlackElo "1786"]
[PlyCount "49"]
[GameId "2160767911209006"]
[EventDate "2004.01.06"]
[EventType "swiss"]
[EventRounds "4"]
[EventCountry "CAN"]
[SourceTitle "EXT 2005"]
[Source "ChessBase"]
[SourceDate "2004.11.15"]
[SourceVersion "1"]
[SourceVersionDate "2004.11.15"]
[SourceQuality "1"]

1. d4 d5 2. c4 c6 3. Nc3 Nf6 4. Nf3 e6 5. g3 dxc4 6. Bg2 Be7 7. Ne5 O-O 8. O-O Nbd7 9. Nxc4 Nb6 10. Qd3 c5 11. Be3 Nxc4 12. Qxc4 cxd4 13. Bxd4 Bd7 14. Bxb7 Rb8 15. Bg2 Rxb2 16. Qd3 Qa5 17. Nd5 Nxd5 18. Bxb2 Rd8 19. Rfd1 Bc6 20. Rac1 Nf4 21. Qc4 Bxg2 22. Qxf4 Bg5 23. Qg4 h5 24. Rxd8+ Qxd8 25. Qd4 1/2-1/2

[Event "Winnipeg TNT Jan op"]
[Site "Winnipeg CAN"]
[Date "2004.01.20"]
[Round "3"]
[White "Khedkar, Jay S"]
[Black "Babb, Jeff"]
[Result "0-1"]
[WhiteElo "1926"]
[BlackElo "2131"]
[PlyCount "83"]
[GameId "2160767911209007"]
[EventDate "2004.01.06"]
[EventType "swiss"]
[EventRounds "4"]
[EventCountry "CAN"]
[SourceTitle "EXT 2005"]
[Source "ChessBase"]
[SourceDate "2004.11.15"]
[SourceVersion "1"]
[SourceVersionDate "2004.11.15"]
[SourceQuality "1"]

1. e4 d6 2. d4 Nf6 3. Nc3 g6 4. f4 Bg7 5. Nf3 c5 6. d5 O-O 7. Be2 e6 8. O-O exd5 9. exd5 Bf5 10. Bd3 Bxd3 11. Qxd3 Na6 12. a3 Nc7 13. f5 b5 14. Bg5 Qd7 15. Rae1 Qxf5 16. Qxf5 gxf5 17. Nh4 Nfxd5 18. Nxf5 Be5 19. Ne4 f6 20. Bh6 Rfd8 21. c3 Kf7 22. Bd2 Ke6 23. Rf3 Rd7 24. b3 Rf8 25. b4 c4 26. Kh1 Rdd8 27. Bh6 Rg8 28. Neg3 Kd7 29. Bd2 Kc6 30. Nh5 Kb7 31. Nh6 Rgf8 32. Ng4 Rd7 33. Nxe5 dxe5 34. Rxe5 fxe5 35. Rxf8 Nf4 36. Nxf4 exf4 37. Rxf4 Rxd2 38. h4 h5 39. Kh2 Nd5 40. Rf5 Rxg2+ 41. Kh3 Rd2 42. Kg3 0-1

[Event "Winnipeg TNT Jan op"]
[Site "Winnipeg CAN"]
[Date "2004.01.20"]
[Round "3"]
[White "Milord, Frank"]
[Black "Gibbons, Lorne"]
[Result "1-0"]
[WhiteElo "1528"]
[BlackElo "1358"]
[PlyCount "59"]
[GameId "2160767911209008"]
[EventDate "2004.01.06"]
[EventType "swiss"]
[EventRounds "4"]
[EventCountry "CAN"]
[SourceTitle "EXT 2005"]
[Source "ChessBase"]
[SourceDate "2004.11.15"]
[SourceVersion "1"]
[SourceVersionDate "2004.11.15"]
[SourceQuality "1"]

1. d4 d5 2. c4 c6 3. Nf3 Bf5 4. Nc3 e6 5. e3 Nf6 6. Be2 Bb4 7. O-O O-O 8. Bd2 Nbd7 9. Rc1 h6 10. Be1 dxc4 11. Bxc4 b5 12. Bd3 a6 13. Bxf5 exf5 14. Qd3 g6 15. a3 Bd6 16. e4 fxe4 17. Nxe4 Nxe4 18. Qxe4 c5 19. Bc3 Re8 20. Qg4 h5 21. Qh3 Re4 22. Rfe1 Nf6 23. dxc5 Bf4 24. Bxf6 Rxe1+ 25. Rxe1 Qxf6 26. Qd7 Qxb2 27. g3 Qxa3 28. Qb7 Rb8 29. Qd5 Bh6 30. Ne5 1-0

[Event "Winnipeg TNT Jan op"]
[Site "Winnipeg CAN"]
[Date "2004.01.20"]
[Round "3"]
[White "Mor, Shai"]
[Black "Gibson, Fred"]
[Result "0-1"]
[WhiteElo "1497"]
[BlackElo "1159"]
[PlyCount "53"]
[GameId "2160767911209009"]
[EventDate "2004.01.06"]
[EventType "swiss"]
[EventRounds "4"]
[EventCountry "CAN"]
[SourceTitle "EXT 2005"]
[Source "ChessBase"]
[SourceDate "2004.11.15"]
[SourceVersion "1"]
[SourceVersionDate "2004.11.15"]
[SourceQuality "1"]

1. e4 c5 2. Nf3 d6 3. h3 Nf6 4. Nc3 g6 5. d4 cxd4 6. Bb5+ Bd7 7. Qxd4 Bxb5 8. Nxb5 Qa5+ 9. Nc3 Bg7 10. Bg5 Nc6 11. Qa4 Qxa4 12. Nxa4 Nxe4 13. O-O Nxg5 14. Nxg5 O-O 15. f4 Rac8 16. Rae1 h6 17. Ne4 d5 18. Nec3 e6 19. Nb5 Rfd8 20. Rd1 a6 21. Nbc3 b5 22. Nc5 Bd4+ 23. Rxd4 Nxd4 24. Nxa6 Nxc2 25. Rf2 b4 26. Rxc2 bxc3 27. bxc3 0-1

[Event "Winnipeg TNT Jan op"]
[Site "Winnipeg CAN"]
[Date "2004.01.20"]
[Round "3"]
[White "Rutter, Blair"]
[Black "Kohalmi, Andy"]
[Result "0-1"]
[WhiteElo "1711"]
[BlackElo "1492"]
[PlyCount "142"]
[GameId "2160767911209011"]
[EventDate "2004.01.06"]
[EventType "swiss"]
[EventRounds "4"]
[EventCountry "CAN"]
[SourceTitle "EXT 2005"]
[Source "ChessBase"]
[SourceDate "2004.11.15"]
[SourceVersion "1"]
[SourceVersionDate "2004.11.15"]
[SourceQuality "1"]

1. c4 Nf6 2. Nc3 c5 3. g3 g6 4. Bg2 Bg7 5. e4 Nc6 6. Nge2 d6 7. O-O O-O 8. d3 Bg4 9. h3 Bd7 10. Be3 Rb8 11. Qd2 a6 12. Bh6 Ne8 13. Bxg7 Nxg7 14. b3 b5 15. Nd5 Ne6 16. f4 Ned4 17. Nec3 e6 18. Ne3 b4 19. Ne2 Nxe2+ 20. Qxe2 Qf6 21. f5 Qd4 22. f6 Ne5 23. Rad1 Bc6 24. Kh2 a5 25. Ng4 h5 26. Nxe5 Qxe5 27. Qe3 Kh7 28. Rf2 Rh8 29. d4 cxd4 30. Qxd4 Qc5 31. Qxc5 dxc5 32. Rd6 Rbc8 33. Rfd2 Rc7 34. e5 Rhc8 35. Bxc6 Rxc6 36. Rd7 R6c7 37. Kg2 g5 38. Kf3 Kg6 39. Ke4 Kh6 40. R2d6 Kg6 41. g4 h4 42. Ke3 Kh6 43. Rxc7 Rxc7 44. Ra6 Rd7 45. Rd6 Ra7 46. Ke2 a4 47. Rd2 axb3 48. axb3 Ra3 49. Rb2 Ra1 50. Kf2 Rh1 51. Kg2 Re1 52. Rd2 Re3 53. Rd7 Kg6 54. Rc7 Rxb3 55. Rxc5 Rc3 56. Rc7 b3 57. Rb7 Rc2+ 58. Kf3 b2 59. Rb4 Rh2 60. Ke4 Rc2 61. Kd4 Rh2 62. Kc3 Rxh3+ 63. Kxb2 Rg3 64. Kc2 Rxg4 65. Kd3 Rg1 66. c5 h3 67. Rb8 h2 68. Rg8+ Kf5 69. Rh8 h1=Q 70. Rxh1 Rxh1 71. Kd2 Kxe5 0-1

[Event "Winnipeg TNT Jan op"]
[Site "Winnipeg CAN"]
[Date "2004.01.20"]
[Round "3"]
[White "Zaczek, Jonathon"]
[Black "Vincent, Trevor"]
[Result "1-0"]
[WhiteElo "1816"]
[BlackElo "2010"]
[PlyCount "49"]
[GameId "2160767911209012"]
[EventDate "2004.01.06"]
[EventType "swiss"]
[EventRounds "4"]
[EventCountry "CAN"]
[SourceTitle "EXT 2005"]
[Source "ChessBase"]
[SourceDate "2004.11.15"]
[SourceVersion "1"]
[SourceVersionDate "2004.11.15"]
[SourceQuality "1"]

1. e4 c5 2. Nf3 Nc6 3. d4 cxd4 4. Nxd4 g6 5. c4 Nf6 6. Nc3 d6 7. Be2 Nxd4 8. Qxd4 Bg7 9. Be3 O-O 10. Qd2 Qa5 11. O-O a6 12. Rac1 Be6 13. f4 b5 14. b3 bxc4 15. f5 gxf5 16. exf5 Bxf5 17. b4 Qxb4 18. Rxf5 e6 19. Rg5 Kh8 20. Rxg7 Kxg7 21. Bh6+ Kh8 22. Qg5 Qc5+ 23. Qxc5 dxc5 24. Bxf8 Rxf8 25. Bxc4 1-0

[Event "Winnipeg TNT Jan op"]
[Site "Winnipeg CAN"]
[Date "2004.01.27"]
[Round "4"]
[White "Anderson, George"]
[Black "Rutter, Blair"]
[Result "1-0"]
[WhiteElo "1469"]
[BlackElo "1711"]
[PlyCount "57"]
[GameId "2160767911209013"]
[EventDate "2004.01.06"]
[EventType "swiss"]
[EventRounds "4"]
[EventCountry "CAN"]
[SourceTitle "EXT 2005"]
[Source "ChessBase"]
[SourceDate "2004.11.15"]
[SourceVersion "1"]
[SourceVersionDate "2004.11.15"]
[SourceQuality "1"]

1. e4 e6 2. c4 c5 3. Nf3 Nc6 4. b3 d6 5. Nc3 Be7 6. Bd3 e5 7. Nd5 Nf6 8. O-O Bg4 9. h3 Bh5 10. g4 Bg6 11. Qe1 h6 12. Nh4 Bh7 13. Nf5 Bxf5 14. exf5 Nxd5 15. cxd5 Nd4 16. f4 O-O 17. fxe5 Bh4 18. Qe4 Re8 19. f6 g6 20. e6 Nxe6 21. dxe6 Rxe6 22. Qxb7 Bxf6 23. Bb2 Kg7 24. Bxf6+ Rxf6 25. Rae1 Rc8 26. Re7 Qf8 27. Bc4 Rxf1+ 28. Kxf1 Re8 29. Rxf7+ 1-0

[Event "Winnipeg TNT Jan op"]
[Site "Winnipeg CAN"]
[Date "2004.01.27"]
[Round "4"]
[White "Babb, Jeff"]
[Black "Zaczek, Jonathon"]
[Result "1-0"]
[WhiteElo "2131"]
[BlackElo "1816"]
[PlyCount "111"]
[GameId "2160767911209014"]
[EventDate "2004.01.06"]
[EventType "swiss"]
[EventRounds "4"]
[EventCountry "CAN"]
[SourceTitle "EXT 2005"]
[Source "ChessBase"]
[SourceDate "2004.11.15"]
[SourceVersion "1"]
[SourceVersionDate "2004.11.15"]
[SourceQuality "1"]

1. e4 c5 2. Nc3 d6 3. g3 g6 4. Bg2 Bg7 5. d3 Nc6 6. Nh3 e6 7. O-O Nge7 8. Be3 O-O 9. Qd2 Rb8 10. Bh6 b5 11. Bxg7 Kxg7 12. a3 Nd4 13. f4 f5 14. Rae1 Qa5 15. Kh1 Bd7 16. Ng5 Rbe8 17. Qc1 h6 18. Nf3 Nec6 19. Nxd4 Nxd4 20. Nd1 b4 21. axb4 cxb4 22. Ne3 Qc5 23. Qd2 Rc8 24. Rf2 Rc7 25. g4 fxg4 26. Nxg4 h5 27. Ne3 Bc8 28. Rg1 Kh7 29. Bh3 Rcf7 30. Nc4 Ba6 31. Ne3 Rxf4 32. Nf5 R4xf5 33. exf5 Bb7+ 34. Bg2 Bxg2+ 35. Rgxg2 Rxf5 36. Rxf5 Qxf5 37. Qf2 Qxf2 38. Rxf2 Kg7 39. c3 Nc6 40. Kg2 g5 41. Kf1 bxc3 42. bxc3 Ne5 43. Ke2 Ng4 44. Rg2 Kg6 45. h3 Nf6 46. c4 h4 47. Ke3 Nh5 48. d4 Nf4 49. Rh2 Kf5 50. Kf3 Nxh3 51. Ra2 Nf4 52. Ra5+ d5 53. c5 g4+ 54. Kf2 Ke4 55. c6 g3+ 56. Kg1 1-0

[Event "Winnipeg TNT Jan op"]
[Site "Winnipeg CAN"]
[Date "2004.01.27"]
[Round "4"]
[White "Kohalmi, Andy"]
[Black "Greenberg, Harley"]
[Result "1-0"]
[WhiteElo "1492"]
[BlackElo "1838"]
[PlyCount "97"]
[GameId "2160767911209016"]
[EventDate "2004.01.06"]
[EventType "swiss"]
[EventRounds "4"]
[EventCountry "CAN"]
[SourceTitle "EXT 2005"]
[Source "ChessBase"]
[SourceDate "2004.11.15"]
[SourceVersion "1"]
[SourceVersionDate "2004.11.15"]
[SourceQuality "1"]

1. d4 Nf6 2. Nf3 g6 3. c4 Bg7 4. Nc3 d6 5. e4 O-O 6. Be2 Nbd7 7. Bg5 c5 8. d5 h6 9. Bd2 a6 10. Qc2 e6 11. dxe6 fxe6 12. e5 Ng4 13. exd6 Qf6 14. h3 Nge5 15. O-O b6 16. Ne4 Qf7 17. Rad1 Bb7 18. Bc3 Qf5 19. Nfd2 g5 20. f3 Rab8 21. Bd3 Nxd3 22. Qxd3 Ne5 23. Qe2 b5 24. cxb5 axb5 25. Ng3 Qd3 26. Nde4 Qxe2 27. Nxe2 b4 28. Bxe5 Bxe5 29. Nxc5 Bd5 30. Nd7 Bc4 31. Rd2 Bxe2 32. Rxe2 Bxd6 33. Rxe6 Rbe8 34. Rxe8 Rxe8 35. Nf6+ Kf7 36. Nxe8 Kxe8 37. Rd1 Bc5+ 38. Kf1 Ke7 39. Rd5 Bd6 40. Ke2 Ke6 41. Rb5 Be7 42. g4 Bd6 43. Kd3 Be7 44. Rb6+ Bd6 45. Kc4 Ke5 46. b3 Ke6 47. Kd4 Kd7 48. Kd5 Bc7 49. Rxh6 1-0